000 00807nam a2200241 i 4500
001 130145
003 ES-MaACL
005 20231027063024.0
007 t|
008 070719s1945 sp a |||| |bspa d
100 1 _aZweig, Stefan,
_d1881-1942
_9118562
245 1 0 _aMagallanes
_b: el hombre y su gesta /
_cStefan Zweig ; [traducción directa del alemán por José Llionart].
250 _a1ª ed.
260 _aBarcelona :
_bJuventud,
_c1945 (
_fAtenas)
300 _a286 p. :
_bil. ;
_c22 cm.
490 1 _aGrandes biografías
600 1 4 _aMagallanes, Fernando de (
_dm. 1521)
_9143242
650 0 4 _aViajes alrededor del mundo-
_yS.XVI.
_917781
700 1 _aLlionart, José.
_972788
830 0 _aGrandes biografías
_9181124
852 _aES-MaACL
_jB-10296
999 _c130145
_d130145